| 000 | 02225cam a2200337 i 4500 | ||
|---|---|---|---|
| 001 | 17038133 | ||
| 003 | EG-ScBUE | ||
| 005 | 20241218103143.0 | ||
| 008 | 111107s2012 enka f b f001 0 eng d | ||
| 020 | _a9780521762298 | ||
| 040 |
_aDLC _beng _erda _cDLC _dEG-ScBUE |
||
| 082 | 0 | 4 |
_a522 _bRIE _222 |
| 100 | 1 |
_aRieke, G. H. _q(George Henry) _eauthor. _938196 |
|
| 245 | 1 | 0 |
_aMeasuring the universe : _ba multiwavelength perspective / _cGeorge H. Rieke, University of Arizona ; illustrated by Shiras Manning. |
| 264 | 1 |
_aCambridge ; _aNew York : _bCambridge University Press, _c2012. |
|
| 300 |
_axii, 343 pages : _billustrations ; _c26 cm |
||
| 336 |
_2rdacontent _atext _btxt |
||
| 337 |
_2rdamedia _aunmediated _bn |
||
| 338 |
_2rdacarrier _avolume _bnc |
||
| 504 | _aIncludes bibliographical references and index. | ||
| 520 | _a"Astronomy is an observational science, renewed and even revolutionized by new developments in instrumentation. With the resulting growth of multiwavelength investigation as an engine of discovery, it is increasingly important for astronomers to understand the underlying physical principles and operational characteristics for a broad range of instruments. This comprehensive text is ideal for graduate students, active researchers and instrument developers. It is a thorough review of how astronomers obtain their data, covering current approaches to astronomical measurements from radio to gamma rays. The focus is on current technology rather than the history of the field, allowing each topic to be discussed in depth. Areas covered include telescopes, detectors, photometry, spectroscopy, adaptive optics and high contrast imaging, millimeter-wave and radio receivers, radio and optical/infrared interferometry, and X-ray and gamma-ray astronomy, all at a level that bridges the gap between the basic principles of optics and the subject's abundant specialist literature"-- | ||
| 650 | 7 |
_aRadio astronomy. _2BUEsh |
|
| 650 | 7 |
_aInfrared astronomy. _2BUEsh |
|
| 650 | 7 |
_aGamma ray astronomy. _2BUEsh |
|
| 650 | 7 |
_aX-ray astronomy. _2BUEsh |
|
| 651 | _2BUEsh | ||
| 653 |
_bENGGEN _cJune2015 |
||
| 655 | _vReading book | ||
| 700 | 1 |
_aManning, Shiras, _eillustrator. |
|
| 942 |
_2ddc _cBB |
||
| 999 |
_c19536 _d19508 |
||